[Event "4NCL/Div1/SLO1-BARB2"]
[Site "Birmingham ENG"]
[Date "2002.??.??"]
[Round "8.7"]
[White "Hodgson, John H"]
[Black "Deveraux, Maxim"]
[Result "1/2-1/2"]
[WhiteElo "2195"]
[BlackElo "2282"]
[PlyCount "47"]
[EventDate "2002.??.??"]
[SourceDate "2001.01.01"]

1. e4 c5 2. Nf3 Nc6 3. c3 d5 4. exd5 Qxd5 5. d4 cxd4 6. cxd4 e5 7. Nc3 Bb4 8.
Bd2 Bxc3 9. Bxc3 e4 10. Ne5 Nxe5 11. dxe5 Ne7 12. Be2 O-O 13. O-O Rd8 14. Qc1
Bf5 15. Qg5 Qe6 16. Rfd1 h6 17. Qg3 Nd5 18. Bc4 Nxc3 19. Qxc3 Qe7 20. Qb3 Rac8
21. h3 b6 22. g4 Be6 23. Bxe6 Qxe6 24. Qxe6 1/2-1/2

[Event "4NCL/Div1/SLO1-BARB2"]
[Site "Birmingham ENG"]
[Date "2002.??.??"]
[Round "8.8"]
[White "Houska, Miroslav"]
[Black "Bhatia, Kanwal"]
[Result "1/2-1/2"]
[WhiteElo "2300"]
[BlackElo "2039"]
[PlyCount "32"]
[EventDate "2002.??.??"]
[SourceDate "2001.01.01"]

1. c3 Nf6 2. Nf3 c5 3. d4 b6 4. Bg5 Ne4 5. Bh4 g6 6. dxc5 bxc5 7. Qd5 Qb6 8.
Qxa8 Qxb2 9. Kd1 Nxc3+ 10. Nxc3 Qxa1+ 11. Kc2 Bg7 12. Qxb8 Qxc3+ 13. Kd1 Qa1+
14. Kc2 Qc3+ 15. Kd1 Qa1+ 16. Kc2 Qc3+ 1/2-1/2

[Event "4NCL/Div1/GUI1-BG2"]
[Site "Birmingham ENG"]
[Date "2002.??.??"]
[Round "8.1"]
[White "Kosten, Anthony C"]
[Black "McDonald, Neil R"]
[Result "1/2-1/2"]
[WhiteElo "2533"]
[BlackElo "2398"]
[PlyCount "24"]
[EventDate "2002.??.??"]
[SourceDate "2001.01.01"]

1. c4 f5 2. Nc3 Nf6 3. g3 g6 4. Bg2 Bg7 5. d3 d6 6. e4 e5 7. Nge2 O-O 8. exf5
gxf5 9. f4 Nc6 10. O-O Be6 11. h3 Qd7 12. Be3 Rae8 1/2-1/2

[Event "4NCL/Div1/GUI1-BG2"]
[Site "Birmingham ENG"]
[Date "2002.??.??"]
[Round "8.2"]
[White "Moskovic, David M"]
[Black "Gormally, Daniel W"]
[Result "0-1"]
[WhiteElo "2250"]
[BlackElo "2506"]
[PlyCount "40"]
[EventDate "2002.??.??"]
[SourceDate "2001.01.01"]

1. e4 c5 2. Nf3 d6 3. d4 cxd4 4. Nxd4 Nf6 5. Nc3 a6 6. Be3 e6 7. f3 b5 8. g4 h6
9. Qd2 Nbd7 10. O-O-O Bb7 11. Bd3 b4 12. Nce2 d5 13. exd5 Nxd5 14. Nxe6 fxe6
15. Bg6+ Ke7 16. Nf4 Qa5 17. a3 Ne5 18. Qd4 Nxg6 19. axb4 Ngxf4 20. Bxf4 Qxb4
0-1

[Event "4NCL/Div1/GUI1-BG2"]
[Site "Birmingham ENG"]
[Date "2002.??.??"]
[Round "8.3"]
[White "Plaskett, Jim"]
[Black "Richardson, John R"]
[Result "1-0"]
[WhiteElo "2474"]
[BlackElo "2308"]
[PlyCount "73"]
[EventDate "2002.??.??"]
[SourceDate "2001.01.01"]

1. d4 Nf6 2. Nf3 e6 3. c4 d5 4. Nc3 Bb4 5. e3 O-O 6. Bd3 dxc4 7. Bxc4 c5 8. O-O
a6 9. a4 b6 10. Qe2 Bb7 11. dxc5 bxc5 12. Rd1 Qc7 13. Na2 Nbd7 14. b3 Ng4 15.
e4 Ndf6 16. Nxb4 cxb4 17. Bd3 Nh5 18. h3 Ne5 19. Nxe5 Qxe5 20. Bb2 Qg5 21. Qg4
Qxg4 22. hxg4 Nf4 23. Bc4 Rac8 24. Be5 Ng6 25. Bd6 Rfd8 26. Bxb4 Rxd1+ 27. Rxd1
Bxe4 28. Bxa6 Rb8 29. Ba5 Bc2 30. Rd8+ Rxd8 31. Bxd8 Bxb3 32. a5 Bd5 33. Bc8
Kf8 34. a6 Ne5 35. Bb7 Nc6 36. Bb6 Kg8 37. Bc5 1-0

[Event "4NCL/Div1/GUI1-BG2"]
[Site "Birmingham ENG"]
[Date "2002.??.??"]
[Round "8.4"]
[White "Lyell, Mark"]
[Black "Rowson, Jonathan"]
[Result "0-1"]
[WhiteElo "2218"]
[BlackElo "2512"]
[PlyCount "63"]
[EventDate "2002.??.??"]
[SourceDate "2001.01.01"]

1. e4 d5 2. exd5 Qxd5 3. Nf3 Nf6 4. d4 Bg4 5. Be2 c6 6. O-O e6 7. c4 Qd8 8. Nc3
Be7 9. h3 Bh5 10. Bf4 O-O 11. Qb3 Qb6 12. Qxb6 axb6 13. g4 Bg6 14. Ne5 Bb4 15.
Rfc1 Rd8 16. a3 Bxc3 17. Rxc3 b5 18. g5 Ne4 19. Re3 Bf5 20. Bd3 Nd6 21. cxb5 {
(=)} Nxb5 22. Bxf5 exf5 23. Nc4 Nxd4 24. Bc7 Rf8 25. Bd6 Nc2 26. Bxf8 Kxf8 27.
Rd1 Nxe3 28. Nxe3 f4 29. Nf5 Na6 30. Rd4 Nc5 31. Rxf4 Ne6 32. Rb4 $138 {
0-1, Time.} 0-1

[Event "4NCL/Div1/GUI1-BG2"]
[Site "Birmingham ENG"]
[Date "2002.??.??"]
[Round "8.5"]
[White "Matros, Alexander"]
[Black "Broom, Mark"]
[Result "1-0"]
[WhiteElo "2455"]
[BlackElo "2240"]
[PlyCount "167"]
[EventDate "2002.??.??"]
[SourceDate "2001.01.01"]

1. d4 d5 2. c4 c6 3. Nf3 Nf6 4. Nc3 dxc4 5. e4 b5 6. e5 Nd5 7. a4 e6 8. axb5
Nxc3 9. bxc3 cxb5 10. Ng5 Bb7 11. Qh5 Qd7 12. Be2 Bd5 13. Nxh7 Nc6 14. Nxf8
Rxf8 15. Qg5 b4 16. O-O bxc3 17. Qe3 Rh8 18. Ba3 Ne7 19. Qxc3 Kf8 20. Bxc4 Kg8
21. Bxe7 Bxc4 22. Qxc4 Qxe7 23. g3 Kh7 24. d5 exd5 25. Qxd5 Rhe8 26. Ra5 Rad8
27. Qe4+ Kg8 28. Re1 Qc7 29. Rd5 Rxd5 30. Qxd5 a5 31. Kg2 Rd8 32. Qe4 Re8 33.
Re2 a4 34. Qxa4 Rxe5 35. Qa8+ Kh7 36. Rxe5 Qxe5 37. h4 g6 38. Qc6 Kg7 39. Kf3
Qf5+ 40. Ke3 Qe5+ 41. Qe4 Qc3+ 42. Ke2 Qb2+ 43. Kf1 Qc3 44. Qd5 Qa1+ 45. Kg2
Qc3 46. h5 gxh5 47. Qxh5 Qd4 48. Qf5 Qc3 49. Kh3 Qa1 50. f3 Qh1+ 51. Kg4 Qa1
52. Qd5 Qc3 53. Kh5 Qb2 54. Kg4 Qc3 55. f4 Qc8+ 56. Qf5 Qc6 57. Qg5+ Kf8 58.
Qd8+ Kg7 59. Qd4+ Kg8 60. f5 Kh7 61. Qd3 Kg7 62. Qe3 Qa4+ 63. Kg5 Qa1 64. Qf4
Qf6+ 65. Kh5 Qb2 66. Qe3 Qa1 67. Qe4 Qb2 68. Kg4 Qc3 69. Qf4 Qb2 70. Qg5+ Kh7
71. Qe3 Kg7 72. Kf4 Kh7 73. Qe5 Qf2+ 74. Kg5 Kg8 75. f6 Qd2+ 76. Kh5 Qd1+ 77.
Kh6 Qh1+ 78. Qh5 Qxh5+ 79. Kxh5 Kh8 80. Kg5 Kg8 81. g4 Kh8 82. Kf5 Kh7 83. g5
Kh8 84. Ke5 1-0

[Event "4NCL/Div1/GUI1-BG2"]
[Site "Birmingham ENG"]
[Date "2002.??.??"]
[Round "8.6"]
[White "Anderton, David W"]
[Black "Kinsman, Andrew PH"]
[Result "1/2-1/2"]
[WhiteElo "2230"]
[BlackElo "2401"]
[PlyCount "47"]
[EventDate "2002.??.??"]
[SourceDate "2001.01.01"]

1. d4 Nf6 2. c4 c5 3. d5 b5 4. cxb5 a6 5. b6 e6 6. Nc3 Nxd5 7. Nxd5 exd5 8.
Qxd5 Nc6 9. Nf3 Rb8 10. e4 Be7 11. Bc4 O-O 12. O-O Rxb6 13. Qh5 d6 14. Rd1 Be6
15. Bxe6 fxe6 16. Ng5 Bxg5 17. Bxg5 Qc7 18. Rd2 Rb4 19. Re1 h6 20. Bxh6 gxh6
21. Qxh6 Qe7 22. Qg6+ Kh8 23. Qh6+ Kg8 24. Qg6+ 1/2-1/2

[Event "4NCL/Div1/GUI1-BG2"]
[Site "Birmingham ENG"]
[Date "2002.??.??"]
[Round "8.7"]
[White "Povah, Nigel E"]
[Black "Shaw, David A"]
[Result "1-0"]
[WhiteElo "2351"]
[BlackElo "2211"]
[PlyCount "55"]
[EventDate "2002.??.??"]
[SourceDate "2001.01.01"]

1. d4 e6 2. Nf3 f5 3. e4 fxe4 4. Ng5 Nf6 5. f3 exf3 6. Qxf3 h6 7. Qh3 Bd6 8.
Bd3 O-O 9. O-O Qe8 10. Nc3 Nc6 11. Rxf6 Rxf6 12. Nge4 Be7 13. Nxf6+ Bxf6 14.
Nb5 Qf8 15. c3 e5 16. Qf5 exd4 17. Bxh6 d6 18. Qh7+ Kf7 19. Bc4+ Be6 20. Bxe6+
Kxe6 21. Nxc7+ Kd7 22. Nxa8 dxc3 23. bxc3 Bxc3 24. Rd1 Bf6 25. Qf5+ Kd8 26. Bg5
Qe7 27. Bxf6 gxf6 28. Qh3 1-0

[Event "4NCL/Div1/GUI1-BG2"]
[Site "Birmingham ENG"]
[Date "2002.??.??"]
[Round "8.8"]
[White "Flear, Christine"]
[Black "Yurenok, Maria S"]
[Result "1/2-1/2"]
[WhiteElo "2164"]
[BlackElo "2098"]
[PlyCount "47"]
[EventDate "2002.??.??"]
[SourceDate "2001.01.01"]

1. d4 d5 2. c4 c6 3. Nc3 Nf6 4. e3 a6 5. Qc2 b5 6. b3 g6 7. Bd3 Bg7 8. Nf3 Be6
9. cxd5 cxd5 10. a4 b4 11. Na2 a5 12. Bb5+ Nbd7 13. Ne5 Qb6 14. Bb2 O-O 15. Nc6
Rfe8 16. Rc1 Bf5 17. Qe2 Ne4 18. g4 Be6 19. f3 Nd6 20. O-O Nxb5 21. axb5 Nb8
22. Rc5 Nxc6 23. Rxc6 Qb7 24. Rfc1 1/2-1/2

[Event "4NCL/Div1/BRI1-WES"]
[Site "Birmingham ENG"]
[Date "2002.??.??"]
[Round "8.1"]
[White "Webb, Richard M"]
[Black "Ansell, Simon"]
[Result "1/2-1/2"]
[WhiteElo "2361"]
[BlackElo "2396"]
[PlyCount "31"]
[EventDate "2002.??.??"]
[SourceDate "2001.01.01"]

1. e4 c5 2. Nf3 Nc6 3. d3 g6 4. g3 Bg7 5. Bg2 e5 6. O-O Nge7 7. c3 O-O 8. a3 a5
9. a4 d6 10. Na3 h6 11. Nb5 Kh7 12. d4 cxd4 13. cxd4 Nxd4 14. Nfxd4 exd4 15.
Nxd4 d5 16. exd5 1/2-1/2

[Event "4NCL/Div1/BRI1-WES"]
[Site "Birmingham ENG"]
[Date "2002.??.??"]
[Round "8.2"]
[White "Sherwin, James T"]
[Black "Rossiter, Philip J"]
[Result "1-0"]
[WhiteElo "2339"]
[BlackElo "2380"]
[PlyCount "67"]
[EventDate "2002.??.??"]
[SourceDate "2001.01.01"]

1. d4 f5 2. Nf3 Nf6 3. g3 g6 4. Bg2 Bg7 5. c4 d6 6. O-O O-O 7. Nc3 Qe8 8. d5
Na6 9. Rb1 Nc5 10. Be3 e5 11. dxe6 Bxe6 12. Ng5 Bxc4 13. b3 Bf7 14. Bxc5 dxc5
15. Bxb7 Rb8 16. Bg2 Rd8 17. Qc2 Ng4 18. Nxf7 Qxf7 19. h3 Nf6 20. Na4 Ne4 21.
Rbd1 c4 22. bxc4 Rde8 23. e3 Qe7 24. c5 Kh8 25. c6 g5 26. Rd7 Qe5 27. Bxe4 fxe4
28. Qc5 Qe6 29. Qxg5 Rg8 30. Nc5 Qxh3 31. Nxe4 Be5 32. Rfd1 Rxg5 33. Nxg5 Qg4
34. Nf7+ 1-0

[Event "4NCL/Div1/BRI1-WES"]
[Site "Birmingham ENG"]
[Date "2002.??.??"]
[Round "8.3"]
[White "Poulton, James R"]
[Black "Burgess, Graham"]
[Result "1/2-1/2"]
[WhiteElo "2409"]
[BlackElo "2298"]
[PlyCount "83"]
[EventDate "2002.??.??"]
[SourceDate "2001.01.01"]

1. d4 d5 2. c4 c6 3. Nf3 Nf6 4. Nc3 dxc4 5. a4 Bf5 6. e3 e6 7. Bxc4 Bb4 8. O-O
Nbd7 9. Qe2 Bg6 10. e4 O-O 11. e5 Nd5 12. Ne4 c5 13. Rd1 cxd4 14. Rxd4 Nb8 15.
Bxd5 exd5 16. Nd6 Nc6 17. Rxd5 Re8 18. Qc4 Bxd6 19. exd6 Be4 20. Rd1 Bxf3 21.
gxf3 Ne5 22. Qd5 Qf6 23. Ra3 Rad8 24. f4 Ng6 25. Rg3 Nh4 26. Qg5 Rxd6 27. Rf1
Nf5 28. Qxf6 Rxf6 29. Rb3 Rg6+ 30. Kh1 b6 31. Be3 Rge6 32. Rd1 g6 33. Rdd3 Re4
34. Ra3 Rb4 35. Rd2 Nxe3 36. fxe3 Rbe4 37. Rdd3 Kg7 38. Kg2 Rb4 39. Rd2 Ree4
40. a5 bxa5 41. Kf3 a4 42. Rd7 1/2-1/2

[Event "4NCL/Div1/BRI1-WES"]
[Site "Birmingham ENG"]
[Date "2002.??.??"]
[Round "8.4"]
[White "Beaumont, Chris"]
[Black "Corkett, Anthony R"]
[Result "1-0"]
[WhiteElo "2300"]
[BlackElo "2316"]
[PlyCount "77"]
[EventDate "2002.??.??"]
[SourceDate "2001.01.01"]

1. d4 d5 2. c4 e6 3. Nf3 Be7 4. g3 Nf6 5. Bg2 O-O 6. O-O Nbd7 7. Qc2 Re8 8. Rd1
c6 9. Nc3 b6 10. b3 a5 11. e4 dxe4 12. Nxe4 Nxe4 13. Qxe4 Bb7 14. Bf4 Ra7 15.
Qc2 Qa8 16. c5 b5 17. a4 b4 18. Nd2 Nf6 19. Nc4 Nd5 20. Bd6 Qd8 21. Re1 Ba6 22.
Bxe7 Rexe7 23. Nd6 Rac7 24. Re5 Nc3 25. Rae1 g6 26. h4 Qf8 27. Qd2 Qg7 28. R1e3
h5 29. Rxc3 bxc3 30. Qxc3 f6 31. Re3 e5 32. dxe5 fxe5 33. Qxa5 Bc8 34. Nxc8
Rxc8 35. Bxc6 Kh7 36. Be4 Qf6 37. Qb6 Qg7 38. Rd3 Rf8 39. Rd6 1-0

[Event "4NCL/Div1/BRI1-WES"]
[Site "Birmingham ENG"]
[Date "2002.??.??"]
[Round "8.5"]
[White "Simons, Martin J"]
[Black "McFarland, Robert S"]
[Result "1/2-1/2"]
[WhiteElo "2230"]
[BlackElo "2280"]
[PlyCount "55"]
[EventDate "2002.??.??"]
[SourceDate "2001.01.01"]

1. e4 g6 2. Nc3 Bg7 3. g3 c5 4. Bg2 Nc6 5. f4 d6 6. Nf3 e6 7. O-O Nge7 8. d3
O-O 9. Be3 Nd4 10. e5 Nef5 11. Bf2 d5 12. g4 Nxf3+ 13. Bxf3 Nd4 14. Bg2 f6 15.
exf6 Bxf6 16. Qd2 Qb6 17. Rab1 Bd7 18. Ne2 Rae8 19. b4 Nxe2+ 20. Qxe2 Bd4 {(=)}
21. c3 Bxf2+ 22. Qxf2 cxb4 23. Qxb6 axb6 24. Rxb4 b5 25. c4 bxc4 26. dxc4 dxc4
27. Rxb7 Ba4 28. f5 1/2-1/2

[Event "4NCL/Div1/BRI1-WES"]
[Site "Birmingham ENG"]
[Date "2002.??.??"]
[Round "8.6"]
[White "Cobb, Charles"]
[Black "Yeo, Michael J"]
[Result "1/2-1/2"]
[WhiteElo "2297"]
[BlackElo "2206"]
[PlyCount "34"]
[EventDate "2002.??.??"]
[SourceDate "2001.01.01"]

1. c4 Nc6 2. Nc3 e5 3. Nf3 f5 4. d4 e4 5. d5 exf3 6. dxc6 bxc6 7. exf3 Bb4 8.
Qc2 Qf6 9. Bd2 Ne7 10. Bd3 O-O 11. O-O d6 12. a3 Bxc3 13. Bxc3 Qf7 14. Ba5 Ng6
15. c5 Be6 16. cxd6 cxd6 17. Qxc6 Ne5 1/2-1/2

[Event "4NCL/Div1/BRI1-WES"]
[Site "Birmingham ENG"]
[Date "2002.??.??"]
[Round "8.7"]
[White "Neil, David R"]
[Black "Collier, David O"]
[Result "0-1"]
[WhiteElo "2222"]
[BlackElo "2255"]
[PlyCount "66"]
[EventDate "2002.??.??"]
[SourceDate "2001.01.01"]

1. e4 c5 2. f4 d5 3. Nc3 d4 4. Bb5+ Nd7 5. Nce2 e6 6. c4 a6 7. Bxd7+ Bxd7 8. d3
Ne7 9. Nf3 Nc6 10. O-O Be7 11. a3 O-O 12. Bd2 b5 13. Rb1 bxc4 14. dxc4 a5 15.
a4 Rb8 16. b3 f5 17. e5 Nb4 18. Ne1 Bc6 19. Bxb4 Rxb4 20. Nc1 Qa8 21. Ncd3 Rb6
22. Rf2 Rfb8 23. Rfb2 Be4 24. Qd2 Kh8 25. Nc2 Rg8 26. Rf1 Qb7 27. Nc1 g5 28.
Ne1 gxf4 29. Qxa5 Rb4 30. Ncd3 Ra8 31. Qxa8+ Qxa8 32. Nxb4 cxb4 33. Nf3 d3 0-1

[Event "4NCL/Div1/BRI1-WES"]
[Site "Birmingham ENG"]
[Date "2002.??.??"]
[Round "8.8"]
[White "Buckley, Melanie"]
[Black "Howard, Emily"]
[Result "1-0"]
[WhiteElo "2147"]
[BlackElo "2017"]
[PlyCount "35"]
[EventDate "2002.??.??"]
[SourceDate "2001.01.01"]

1. d4 Nf6 2. Bg5 e6 3. e4 h6 4. Bxf6 gxf6 5. c4 d5 6. exd5 exd5 7. Nc3 Be6 8.
Nge2 c6 9. Nf4 Qc7 10. Qf3 Nd7 11. cxd5 cxd5 12. Bb5 O-O-O 13. O-O Kb8 14.
Nfxd5 Bxd5 15. Nxd5 Qd6 16. Rfd1 Bg7 17. Ne3 Qb6 18. Bxd7 1-0

[Event "4NCL/Div1/WG1-WES"]
[Site "Birmingham ENG"]
[Date "2002.??.??"]
[Round "9.1"]
[White "Short, Nigel D"]
[Black "Poulton, James R"]
[Result "1-0"]
[WhiteElo "2673"]
[BlackElo "2409"]
[PlyCount "51"]
[EventDate "2002.??.??"]
[SourceDate "2001.01.01"]

1. e4 e6 2. d4 d5 3. Nc3 Bb4 4. e5 c5 5. a3 Bxc3+ 6. bxc3 Ne7 7. Bd3 Qc7 8. Rb1
Nbc6 9. Qg4 Bd7 10. Qxg7 O-O-O 11. Nf3 cxd4 12. cxd4 Nxd4 13. Nxd4 Qc3+ 14. Ke2
Qxd4 15. Be3 Qa4 16. Qxf7 Ng6 17. Rb4 Qxa3 18. Rhb1 Nxe5 19. Qg7 Nc6 20. Rxb7
Rhf8 21. R7b3 Qe7 22. Qxe7 Nxe7 23. Bc5 Rf7 24. Rc3 d4 25. Ba6+ Kc7 26. Rb7+
1-0

[Event "4NCL/Div1/WG1-WES"]
[Site "Birmingham ENG"]
[Date "2002.??.??"]
[Round "9.3"]
[White "Baburin, Alexander"]
[Black "Corkett, Anthony R"]
[Result "1-0"]
[WhiteElo "2565"]
[BlackElo "2326"]
[PlyCount "67"]
[EventDate "2002.??.??"]
[SourceDate "2001.01.01"]

1. d4 Nf6 2. c4 c5 3. d5 b5 4. cxb5 a6 5. bxa6 Bxa6 6. g3 g6 7. Bg2 d6 8. b3
Bg7 9. Bb2 O-O 10. Nh3 Nbd7 11. O-O Nb6 12. a4 Qd7 13. Nc3 Rfb8 14. Ra2 Nc8 15.
Ba3 Ra7 16. Qc2 Ne8 17. Nf4 Nc7 18. Rb1 Rab7 19. h4 Be5 20. e3 Nb6 21. Bb2 Qf5
22. Be4 Qf6 23. Nd1 Nd7 24. Ba3 Qg7 25. Nd3 Bf6 26. Nc1 Nb6 27. b4 Bc4 28. Rab2
Bxd5 29. bxc5 dxc5 30. a5 Nc4 31. Rxb7 Rxb7 32. Rxb7 Bxb7 33. Qxc4 Bxe4 34.
Qxe4 1-0

[Event "4NCL/Div1/WG1-WES"]
[Site "Birmingham ENG"]
[Date "2002.??.??"]
[Round "9.4"]
[White "Simons, Martin J"]
[Black "Emms, John M"]
[Result "0-1"]
[WhiteElo "2230"]
[BlackElo "2537"]
[PlyCount "71"]
[EventDate "2002.??.??"]
[SourceDate "2001.01.01"]

1. e4 c5 2. Nc3 Nc6 3. g3 g6 4. Bg2 Bg7 5. d3 d6 6. f4 Nf6 7. Nf3 O-O 8. O-O
Rb8 9. a4 a6 10. h3 b5 11. axb5 axb5 12. g4 b4 13. Ne2 c4 14. Be3 Bb7 15. f5 b3
16. c3 cxd3 17. Qxd3 Nd7 18. Nf4 Nce5 19. Nxe5 Nxe5 20. Qe2 Bc6 21. Rfd1 Ra8
22. Nd5 Bxd5 23. exd5 Qc7 24. Bf1 gxf5 25. gxf5 Kh8 26. Bd4 Bf6 27. Kh1 Qd7 28.
Qh5 Ra2 29. Rab1 Rg8 30. Be3 Bg5 31. Bd4 Bf6 32. Be3 Qa4 33. Rd4 Qa8 34. Bf4
Ra1 35. Rbd1 Qa7 36. R4d2 0-1

[Event "4NCL/Div1/WG1-WES"]
[Site "Birmingham ENG"]
[Date "2002.??.??"]
[Round "9.6"]
[White "Neil, David R"]
[Black "Ward, Christopher"]
[Result "1/2-1/2"]
[WhiteElo "2222"]
[BlackElo "2500"]
[PlyCount "61"]
[EventDate "2002.??.??"]
[SourceDate "2001.01.01"]

1. e4 c5 2. Nc3 Nc6 3. g3 g6 4. Bg2 Bg7 5. d3 d6 6. Nf3 Bg4 7. h3 Bxf3 8. Qxf3
e6 9. O-O Nge7 10. Bg5 Rb8 11. Qe2 h6 12. Be3 O-O 13. Qd2 Kh7 14. f4 Qd7 15.
Rab1 b5 16. g4 f5 17. Ne2 b4 18. Ng3 Rb6 19. c3 bxc3 20. bxc3 Rfb8 21. Rxb6 {
(=)} Rxb6 22. Rc1 Bf6 23. Kh2 Bh4 24. Rc2 Rb1 25. Rb2 Rxb2 26. Qxb2 Qc7 27. Qb3
Nd8 28. Qb5 Kg7 29. d4 cxd4 30. Bxd4+ Kf7 31. gxf5 1/2-1/2

[Event "4NCL/Div1/WG1-WES"]
[Site "Birmingham ENG"]
[Date "2002.??.??"]
[Round "9.7"]
[White "Hunt, Harriet"]
[Black "Pleasants, Allan J"]
[Result "1-0"]
[WhiteElo "2415"]
[BlackElo "1944"]
[PlyCount "59"]
[EventDate "2002.??.??"]
[SourceDate "2001.01.01"]

1. e4 g6 2. d4 c6 3. Nc3 Bg7 4. Nf3 d5 5. h3 dxe4 6. Nxe4 Nf6 7. Nxf6+ exf6 8.
Be2 Be6 9. Bf4 O-O 10. O-O a5 11. c4 Na6 12. Qd2 Nc7 13. Rac1 Ne8 14. Rfd1 Nd6
15. d5 cxd5 16. cxd5 Bc8 17. b4 Re8 18. bxa5 f5 19. Bf1 Ne4 20. Qb4 g5 21. Bc7
Qf6 22. Bb5 Rf8 23. Ne5 g4 24. hxg4 Qh4 25. Rc2 Bh6 26. Rd3 f6 27. Rh3 Qg5 28.
Rh5 Qg7 29. Nd3 Qxg4 30. Rxh6 1-0

[Event "4NCL/Div1/WG1-WES"]
[Site "Birmingham ENG"]
[Date "2002.??.??"]
[Round "9.8"]
[White "Howard, Emily"]
[Black "Levitt, Jonathan P"]
[Result "0-1"]
[WhiteElo "2017"]
[BlackElo "2412"]
[PlyCount "50"]
[EventDate "2002.??.??"]
[SourceDate "2001.01.01"]

1. e4 e6 2. d4 d5 3. Nc3 Bb4 4. Nge2 dxe4 5. a3 Bxc3+ 6. Nxc3 Nc6 7. Be3 Nf6 8.
Bb5 Bd7 9. O-O Ne7 10. Bxd7+ Qxd7 11. Bg5 Ned5 12. Ne2 h6 13. Bh4 O-O-O 14. c3
g5 15. Bg3 Nh5 16. Qd2 Nxg3 17. Nxg3 f5 18. Rad1 h5 19. Ne2 Rhg8 20. c4 Nf6 21.
f3 exf3 22. Rxf3 Qc6 23. Qc2 f4 24. b3 Ng4 25. Qd3 Ne5 0-1

[Event "4NCL/Div1/BARB1-MM"]
[Site "Birmingham ENG"]
[Date "2002.??.??"]
[Round "9.1"]
[White "Parker, Jonathan"]
[Black "Pert, Nicholas"]
[Result "1/2-1/2"]
[WhiteElo "2532"]
[BlackElo "2452"]
[PlyCount "58"]
[EventDate "2002.??.??"]
[SourceDate "2001.01.01"]

1. d4 d5 2. c4 c6 3. Nf3 Nf6 4. Qb3 dxc4 5. Qxc4 Bf5 6. g3 e6 7. Bg2 Nbd7 8.
O-O Be7 9. e3 O-O 10. Qe2 c5 11. Nc3 Ne4 12. Rd1 Nxc3 13. bxc3 Be4 14. Nh4 Bxg2
15. Nxg2 Qa5 16. Bd2 Qa4 17. Rdb1 b6 18. Ne1 e5 19. Qb5 Qxb5 20. Rxb5 Bf6 21.
Nf3 Rad8 22. a4 exd4 23. cxd4 cxd4 24. exd4 Nb8 25. a5 Nc6 26. axb6 axb6 27.
Be3 Nxd4 28. Bxd4 Bxd4 29. Nxd4 Rxd4 1/2-1/2

[Event "4NCL/Div1/BARB1-MM"]
[Site "Birmingham ENG"]
[Date "2002.??.??"]
[Round "9.2"]
[White "Ledger, Andrew J"]
[Black "Kelly, Bryan"]
[Result "1/2-1/2"]
[WhiteElo "2395"]
[BlackElo "2445"]
[PlyCount "47"]
[EventDate "2002.??.??"]
[SourceDate "2001.01.01"]

1. e4 e6 2. d4 d5 3. Nd2 c5 4. Ngf3 cxd4 5. exd5 Qxd5 6. Bc4 Qd6 7. O-O Nf6 8.
Nb3 Nc6 9. Nfxd4 Nxd4 10. Nxd4 a6 11. Bd3 Be7 12. Re1 O-O 13. Nf3 b5 14. a4 b4
15. b3 Bb7 16. Bb2 Rfd8 17. Qe2 a5 18. Rad1 Qf4 19. Ne5 Bc5 20. g3 Qh6 21. Ng4
Nxg4 22. Qxg4 Rd5 23. h4 Rad8 24. Be2 1/2-1/2

[Event "4NCL/Div1/BARB1-MM"]
[Site "Birmingham ENG"]
[Date "2002.??.??"]
[Round "9.3"]
[White "Knott, Simon"]
[Black "Hunt, Adam C"]
[Result "1/2-1/2"]
[WhiteElo "2370"]
[BlackElo "2365"]
[PlyCount "94"]
[EventDate "2002.??.??"]
[SourceDate "2001.01.01"]

1. Nf3 Nf6 2. c4 g6 3. Nc3 Bg7 4. e4 d6 5. d4 O-O 6. Be2 e5 7. O-O Nc6 8. d5
Ne7 9. Ne1 Ne8 10. a4 a5 11. Be3 f5 12. f3 b6 13. g4 h5 14. g5 f4 15. Bf2 Bh3
16. Kh1 Bxf1 17. Bxf1 Bf6 18. gxf6 Nxf6 19. h4 g5 20. hxg5 Nh7 21. Ng2 Nxg5 22.
Nh4 Kh8 23. Ne2 Qd7 24. Ng1 Rg8 25. Kh2 Raf8 26. b3 Rg7 27. Ra2 Kg8 28. Be1 Kf7
29. Nh3 Nh7 30. Rg2 Rxg2+ 31. Bxg2 Ke8 32. Ng1 Ng5 33. Nh3 Nh7 34. Ng1 Ng5 35.
Bf2 Rg8 36. Qf1 Kd8 37. Bh3 Nxh3 38. Qxh3 Qxh3+ 39. Kxh3 Kd7 40. Ne2 Rg7 41.
Nc3 Rf7 42. Nb5 Rg7 43. Na7 Rg8 44. Ng2 Ra8 45. Nb5 Ng6 46. Nh4 Ne7 47. Nc3 Rg8
1/2-1/2

[Event "4NCL/Div1/BARB1-MM"]
[Site "Birmingham ENG"]
[Date "2002.??.??"]
[Round "9.4"]
[White "Williams, Simon K"]
[Black "Palliser, Richard"]
[Result "1-0"]
[WhiteElo "2423"]
[BlackElo "2443"]
[PlyCount "35"]
[EventDate "2002.??.??"]
[SourceDate "2001.01.01"]

1. c4 g6 2. Nc3 Bg7 3. g3 d6 4. Bg2 e5 5. e4 Nc6 6. Nge2 f5 7. d3 Nf6 8. O-O
O-O 9. h3 f4 10. gxf4 Nh5 11. f5 gxf5 12. exf5 Qh4 13. Ng3 Nf4 14. Qg4 Qxg4 15.
hxg4 Nxd3 16. Nd5 Bd7 17. Nxc7 Rad8 18. Nb5 1-0

[Event "4NCL/Div1/BARB1-MM"]
[Site "Birmingham ENG"]
[Date "2002.??.??"]
[Round "9.5"]
[White "Shikerov, Stefan"]
[Black "Eames, Robert G"]
[Result "1-0"]
[WhiteElo "2298"]
[BlackElo "2327"]
[PlyCount "69"]
[EventDate "2002.??.??"]
[SourceDate "2001.01.01"]

1. d4 Nf6 2. c4 c5 3. d5 b5 4. Nf3 Bb7 5. a4 Qa5+ 6. Bd2 b4 7. Bf4 e6 8. e4
Nxe4 9. Bd3 Nf6 10. O-O Na6 11. Nbd2 d6 12. Re1 O-O-O 13. dxe6 fxe6 14. Rxe6
Qc7 15. Qe2 h6 16. Bg6 Kb8 17. Nb3 Qd7 18. Na5 Nc7 19. Re3 Ba8 20. h3 Ng4 21.
hxg4 Qxg4 22. Qd3 Qxf4 23. Ne5 Ne6 24. Nec6+ Kc7 25. Rxe6 Bxc6 26. Nxc6 Kxc6
27. Qd5+ Kc7 28. Be4 Kd7 29. g3 Qg5 30. Bf5 Kc7 31. Rae1 Rb8 32. Re8 Rd8 33.
Qf7+ Kb6 34. a5+ Ka6 35. Qc7 1-0

[Event "4NCL/Div1/BARB1-MM"]
[Site "Birmingham ENG"]
[Date "2002.??.??"]
[Round "9.7"]
[White "Ferguson, Mark"]
[Black "Naylor, John"]
[Result "1-0"]
[WhiteElo "2376"]
[BlackElo "2229"]
[PlyCount "61"]
[EventDate "2002.??.??"]
[SourceDate "2001.01.01"]

1. e4 e5 2. Nf3 Nc6 3. Nc3 Nf6 4. Bb5 Nd4 5. Bc4 Bc5 6. d3 c6 7. Nxd4 exd4 8.
Ne2 d5 9. exd5 Nxd5 10. O-O O-O 11. Nf4 Nxf4 12. Bxf4 Qf6 13. Bg3 g6 14. Re1
Bd7 15. Re4 Rae8 16. Qd2 Rxe4 17. dxe4 Re8 18. e5 Qe7 19. Qf4 Be6 20. Bd3 Qd7
21. Rd1 Be7 22. a4 Rd8 23. b3 c5 24. Bh4 Bxh4 25. Qxh4 a6 26. Qf6 Rc8 27. h4
Bd5 28. f3 Rc6 29. Qg5 h5 30. Re1 Re6 31. Bf5 1-0

[Event "4NCL/Div1/BARB1-MM"]
[Site "Birmingham ENG"]
[Date "2002.??.??"]
[Round "9.8"]
[White "Tidman, Sophie"]
[Black "Regan, Natasha"]
[Result "0-1"]
[WhiteElo "2119"]
[BlackElo "2185"]
[PlyCount "58"]
[EventDate "2002.??.??"]
[SourceDate "2001.01.01"]

1. e4 Nf6 2. e5 Nd5 3. c4 Nb6 4. c5 Nd5 5. Nc3 c6 6. Bc4 d6 7. Qb3 Nd7 8. Nxd5
Nxc5 9. Nc7+ Qxc7 10. Bxf7+ Kd8 11. Qe3 d5 12. Nf3 Bf5 13. O-O e6 14. Qg5+ Qe7
15. b4 Nd3 16. h4 h6 17. Qe3 Qxf7 18. a3 Be4 19. Nd4 Nxe5 20. f3 Nc4 21. Qe2
Qf6 22. Nb3 Bc2 23. Na5 Nxa5 24. Ra2 Bf5 25. Bb2 Qxh4 26. g4 Qg5 27. Kf2 Nc4
28. gxf5 Nxb2 29. Rxb2 Qxf5 0-1

[Event "4NCL/Div1/BARB2-BG1"]
[Site "Birmingham ENG"]
[Date "2002.??.??"]
[Round "9.1"]
[White "Webster, Andrew"]
[Black "Nunn, John DM"]
[Result "1/2-1/2"]
[WhiteElo "2413"]
[BlackElo "2595"]
[PlyCount "34"]
[EventDate "2002.??.??"]
[SourceDate "2001.01.01"]

1. Nf3 Nf6 2. g3 g6 3. b4 Bg7 4. Bb2 O-O 5. Bg2 d6 6. d3 c6 7. Nbd2 e5 8. O-O
Re8 9. e4 Be6 10. h3 h6 11. c4 a5 12. a3 Na6 13. Bc3 b5 14. cxb5 axb4 15. axb4
cxb5 16. Ra5 Qd7 17. Kh2 Rac8 1/2-1/2